| 000 | 00649nam a2200193Ia 4500 | ||
|---|---|---|---|
| 008 | 090124s9999 xx 000 0 und d | ||
| 082 |
_b17490 _a1015 |
||
| 100 | _aअली सलीम व अली लईक फतेह | ||
| 245 | _a भारतीय पक्षी | ||
| 250 | _a1 | ||
| 260 | _c1969 | ||
| 300 | _a121 | ||
| 600 | _aअली सलीम व अली लईक फतेह | ||
| 630 | _a भारतीय पक्षी | ||
| 700 | _aसोवनी रा.वि. | ||
| 700 | _aअली सलीम व अली लईक फतेह | ||
| 730 | _a भारतीय पक्षी | ||
| 942 | _cBOOK | ||
| 999 |
_c131430 _d131430 |
||